000
00263nam a22001097a 4500
041
_a
ENG
245
_a
Agricultural Tractors - Braking Performance - Method - Of Test
260
_a
New Delhi
_b
BIS
_c
1994
300
_a
04
650
_a
BIS Code
856
_u
BIS Code
999
_c
2065
_d
2065